|
|
|
|
| LEADER |
01482cam a22004094a 4500 |
| 001 |
16700582 |
| 003 |
BD-DhAAL |
| 005 |
20130711125457.0 |
| 008 |
130711s2011 enka b 001 0 eng d |
| 010 |
|
|
|a 2011925731
|
| 020 |
|
|
|a 9780857930248 (cased)
|
| 020 |
|
|
|a 0857933558
|
| 020 |
|
|
|a 0857930249
|
| 020 |
|
|
|a 9780857933553
|
| 035 |
|
|
|a (OCoLC)ocn726597771
|
| 040 |
|
|
|a YDXCP
|c YDXCP
|d CDX
|d UKMGB
|d BWX
|d NLE
|d INU
|d MIA
|d DLC
|d BD-DhAAL
|
| 042 |
|
|
|a lccopycat
|
| 043 |
|
|
|a a------
|a f------
|
| 050 |
0 |
0 |
|a HC79.P6
|b W495 2011
|
| 082 |
0 |
4 |
|a 339.46095
|2 22
|
| 999 |
|
|
|c 13678
|d 13678
|
| 999 |
|
|
|c 13678
|
| 999 |
|
|
|c 13678
|
| 245 |
0 |
0 |
|a Why poverty persists :
|b poverty dynamics in Asia and Africa /
|c edited by Bob Baulch.
|
| 260 |
|
|
|a Cheltenham, UK ;
|a Northampton, MA :
|b Edward Elgar,
|c c2011.
|
| 300 |
|
|
|a xiii, 283 p. :
|b ill. ;
|c 24 cm.
|
| 500 |
|
|
|a "Chronic Poverty Research Centre, UKAID."
|
| 504 |
|
|
|a Includes bibliographical references and index.
|
| 541 |
|
|
|e 27222
|
| 650 |
|
0 |
|a Poverty
|z Asia.
|9 2277
|
| 650 |
|
0 |
|a Poverty
|z Africa.
|9 2278
|
| 650 |
|
0 |
|a Development economics.
|9 2153
|
| 700 |
1 |
|
|a Baulch, Bob.
|4 edt
|9 2279
|
| 710 |
2 |
|
|a Chronic Poverty Research Centre.
|9 2280
|
| 710 |
1 |
|
|a Great Britain.
|b Department for International Development.
|9 2281
|
| 942 |
|
|
|2 ddc
|c BK
|
| 952 |
|
|
|0 0
|1 0
|2 ddc
|4 0
|6 339_460950000000000_WHY
|7 0
|9 22910
|a IGS
|b IGS
|c GEN
|d 2013-07-11
|e Development Book Agency
|g 3376.00
|l 0
|o 339.46095 WHY
|p 3010027222
|r 2013-07-11
|t 1
|w 2013-07-11
|y BK
|